000 00505nam a22001697a 4500
999 _c61046
_d61046
005 20231212103536.0
008 231212s1988 ru ||||| |||| 00| 0 rus d
020 _a5235002261
041 _arus
080 _a1(091)(092) Г-65
100 _aГончарова Т.
_920668
245 _aЭпикур /
_cГончарова Т.
264 _aМосква:
_bМолодая гвардия,
_c1988.
300 _a304 с.:
_bил;
_c21 см.
653 _aეპიკური
942 _2udc
_cᲬᲘᲒᲜᲘ